|
|
|
|
| LEADER |
01237nam a22003132a 4500 |
| 001 |
000392583 |
| 003 |
CZ BrMZK |
| 005 |
20121123120551.0 |
| 007 |
ta |
| 008 |
980107s1974 xr a f 000 0 cze d |
| 015 |
|
|
|a cnb000457377
|
| 035 |
|
|
|a (OCoLC)42093064
|
| 040 |
|
|
|a ABA001
|b cze
|c OLA001
|d BOA001
|
| 080 |
9 |
|
|a 65.003(075.3)
|
| 100 |
1 |
|
|a Volf, Jaromír
|7 ola2005262990
|4 aut
|
| 245 |
1 |
0 |
|a Podniková ekonomika pro 3. ročník středních ekonomických škol, obor všeobecná ekonomika /
|c Jaromír Volf, Alena Stuchlá, Matěj Tomčal
|
| 250 |
|
|
|a 1. vyd.
|
| 260 |
|
|
|a Praha :
|b Státní pedagogické nakladatelství,
|c 1974
|
| 300 |
|
|
|a 183 s. :
|b il. ;
|c 8°
|
| 490 |
1 |
|
|a Učebnice odborných a středních odborných škol
|
| 500 |
|
|
|a 9000 výt.
|
| 700 |
1 |
|
|a Tomčal, Matěj
|7 ola2005262992
|4 aut
|
| 700 |
1 |
|
|a Stuchlá, Alena
|7 ola2005262991
|4 aut
|
| 830 |
|
0 |
|a Učebnice odborných a středních odborných škol
|0 s
|
| 910 |
|
|
|a BOA001
|b PK-0071.122
|b 2-0719.498
|
| 920 |
|
|
|a 000275020
|
| 990 |
|
|
|a BK
|
| 996 |
6 |
|
|b 2619723466
|c 2-0719.498
|l Sklad H1
|r Sklad / do 24 hodin
|n 3
|h HS212
|w 000392583
|u 000020
|a 1
|e BOA001
|j MZK50
|s P
|
| 996 |
7 |
|
|b 3119817155
|c PK-0071.122
|l MZK
|r Sklad / do 1 hodiny
|n 1
|w 000392583
|u 000010
|a 1
|e BOA001
|j MZK50
|s A
|